Statistics for River Phoenix

Click here to take the quiz!

General Stats

  • This quiz has been taken 87 times
  • The average score is 13 of 23

Answer Stats

HintAnswer% Correct
What movie caused him to achieve stardom?Stand by Me
96%
What is River's middle name?Jude
87%
Was River a vegan? Answer Yes or No.Yes
87%
How many full siblings does he have?4
84%
Who was his character in Stand By Me?Chris Chambers
78%
What was the name of the place where River died?The Viper Room
76%
Who was River's first and longest girlfriend?Martha Plimpton
72%
What, along with Stand By Me, was considered to be River's best movie?My Own Private Idaho
70%
What film gave River an Academy Award nomination?Running on Empty
69%
Who was River's celebrity best friend at the time of his death?Keanu Reeves
66%
What, unknown to most, was River's main passion?Music
57%
How did he die?Drug overdose
55%
What was the name of the band River played in?Aleka's Attic
48%
What religious group did his parents belong to?Children of God
48%
In what movie of his did River play a Marine?Dogfight
48%
What was his first high-profile film?Explorers
48%
In what movie of his did River play a country music singer?The Thing Called Love
46%
Who was River's last girlfriend?Samantha Mathis
42%
When was his birthday?August 23, 1970
40%
What movie of his was River embarrassed by?A Night in the Life of Jimmy Reardon
39%
Where was he born?Madras,Oregon
31%
What TV show did River have a main role as Guthrie McFadden?Seven Brides for Seven Brothers
27%
What was the date River died?October 30 1993
22%

Score Distribution

Percentile by Number Answered

Percent of People with Each Score

Your Score History

You have not taken this quiz